| 000 | 00730nam a2200217Ia 4500 | ||
|---|---|---|---|
| 001 | 1849 | ||
| 003 | GE_BSU | ||
| 008 | 181216s||||||||xx |||||||||||||| ||und|| | ||
| 020 | _a580402338 | ||
| 040 | _cGE_BSU | ||
| 100 | _aЛарин,А.Ю. | ||
| 245 | _aКонституционноe (государственное ) право зарубежных стран. | ||
| 245 | _bКурс леккцийю Для студ. высш. учеб. завед. | ||
| 260 | _aМoсква | ||
| 260 | _bКнижный мир. | ||
| 260 | _c2007 | ||
| 300 | _a182 с. 19 см. | ||
| 541 | _h6 л. | ||
| 653 | _aКонституционноу (государственное ) право зарубежных стран | ||
| 942 | _cBK | ||
| 999 |
_c35950 _d35950 |
||